000 00519nam a22001817a 4500
005 20170509141853.0
010 _aENG-118094
020 _a9789382711643
_c245.00
035 _aEN-101626
037 _bDBAD/PUB
082 _aS
100 _aK L Chowdhury
245 _awhy don't you convert /
_cby K L Chowdhury
_bAnd other short stories
260 _aNew Delhi
_bVitasta Publishing
_c2015
270 _a2/15, Ansari Road, Daryaganj New Daryaganj-110002
300 _a263p
_c20cm.(pbk)
942 _2ddc
_cEN
_hS
_mCHO
999 _c139671
_d139671